000 00764nam a2200241 i 4500
001 9416
003 ES-MaACL
005 20230906145653.0
007 t|
008 930827s1987 sp ||||1| spa d
020 _a84-398-9530-5
080 _a86-14"19"
080 _a86(García Alvarez,G.7 M.01)
100 1 _aGarcía Alvarez, Guillermina.
_954152
245 1 0 _aMar de arena
_b: (1960-1986) /
_cGuillermina García Alvarez.
250 _a[1ª ed.].
260 _aLas Palmas de Gran Canaria :
_bAlegranza,
_c1987.
300 _a20 p. :
_bil. ;
_c20 cm.
490 1 _aAlegranza. Serie verde, Alegranza nueva ;
_v6.
830 0 _aAlegranza. Serie verde, Alegranza nueva ;
_v6.
_9178474
852 _aES-MaACL
_j2146-F-22
_bR.116045
999 _c9416
_d9416